[Event "Balkan-ch U10"]
[Site "Tornelo INT"]
[Date "2020.10.31"]
[Round "4"]
[White "Paunescu, Stefan Vlad"]
[Black "Lafkidis, Apostolos"]
[Result "1-0"]
[WhiteElo "1318"]
[BlackElo "1318"]
[PlyCount "35"]
[EventDate "2020.10.31"]
[EventType "swiss"]
[EventRounds "7"]
[EventCountry "NET"]
[SourceTitle "EXT 2023"]
[Source "ChessBase"]
[SourceDate "2022.10.05"]
[SourceVersion "1"]
[SourceVersionDate "2022.10.05"]
[SourceQuality "1"]

1. e4 c5 2. Nc3 d6 3. f4 g6 4. Nf3 Bg7 5. Bc4 e6 6. d3 Ne7 7. 0-0 0-0 8. Qe1 Nbc6 9. Qh4 Nd4 10. f5 exf5 11. Bh6 Nxf3+ 12. Rxf3 Nc6 13. Bg5 Qb6 14. Nd5 Bd4+ 15. Kh1 Qa5 16. Qh6 Bg7 17. Nf6+ Bxf6 18. Bxf6 1-0

[Event "ROM-ch U10"]
[Site "Calimanesti Caciulata"]
[Date "2019.04.20"]
[Round "7"]
[White "Santimbrean, Mihnea Nicolae"]
[Black "Paunescu, Stefan Vlad"]
[Result "0-1"]
[WhiteElo "1333"]
[BlackElo "1247"]
[PlyCount "90"]
[EventDate "2019.04.15"]
[EventType "swiss"]
[EventRounds "9"]
[EventCountry "ROU"]
[SourceTitle "CBM 190 Extra"]
[Source "ChessBase"]
[SourceDate "2019.07.15"]
[SourceVersion "1"]
[SourceVersionDate "2019.07.15"]
[SourceQuality "1"]

1. e4 c5 2. Nc3 e6 3. f4 d5 4. exd5 exd5 5. d4 c4 6. Nf3 Nf6 7. g3 Bb4 8. Bd2 0-0 9. Bg2 Bxc3 10. Bxc3 Ng4 11. Bd2 Re8+ 12. Kf1 b6 13. h3 Nf6 14. Ne5 Ne4 15. Be1 f6 16. Nf3 Ba6 17. c3 Nc6 18. Nd2 b5 19. Nxe4 dxe4 20. Kg1 Rc8 21. Kh2 Bb7 22. b3 Na5 23. b4 Nc6 24. Qc2 f5 25. Rd1 Ne7 26. Bf2 Nd5 27. Bg1 Qd6 28. Qc1 Qh6 29. Be3 Rc6 30. Kg1 Qg6 31. Bf2 Ra6 32. a3 e3 33. Be1 Nxf4 34. Bxb7 Ne2+ 35. Kg2 Nxc1 36. Bxa6 Qxa6 37. Rxc1 Qxa3 38. Rd1 Qb3 39. Bd2 exd2 40. Rxd2 Qxc3 41. Rhd1 Re3 42. d5 Rxg3+ 43. Kh2 Rxh3+ 44. Kg1 Qf3 45. d6 Rh1# 0-1